[Event "Perth op"]
[Site "Perth"]
[Date "2023.01.05"]
[Round "6"]
[White "Clark, Peter"]
[Black "Arav, Callan"]
[Result "1-0"]
[WhiteElo "1370"]
[BlackElo "1157"]
[PlyCount "75"]
[EventDate "2023.01.02"]
[EventType "swiss"]
[EventRounds "11"]
[EventCountry "AUS"]
[SourceTitle "CBM 212 Extra"]
[Source "ChessBase"]
[SourceDate "2023.03.31"]
[SourceVersion "1"]
[SourceVersionDate "2023.03.31"]
[SourceQuality "1"]

1. d4 Nf6 2. Bf4 d5 3. e3 c5 4. c3 Nc6 5. Nd2 Bf5 6. Qb3 Qb6 7. dxc5 Qxb3 8. axb3 e5 9. Bg5 Bxc5 10. Bxf6 gxf6 11. b4 Bb6 12. Ngf3 d4 13. exd4 exd4 14. Bb5 dxc3 15. Bxc6+ bxc6 16. bxc3 0-0-0 17. 0-0 Rd3 18. Nc4 Kb8 19. Nxb6 axb6 20. Nd4 Bd7 21. Ra3 Rg8 22. Rfa1 Kc7 23. g3 h5 24. h4 f5 25. Ne2 Re8 26. Nf4 Rd2 27. R3a2 Rxa2 28. Rxa2 c5 29. bxc5 bxc5 30. Re2 Rxe2 31. Nxe2 Be8 32. Nf4 Kb6 33. Nxh5 Ka5 34. Nf4 Ka4 35. h5 Kb3 36. h6 Kxc3 37. h7 c4 38. h8Q+ 1-0